Statistics for Countries of the World - But They're 10 year old gamers

Click here to take the quiz!

General Stats

  • This quiz has been taken 24 times
  • The average score is 109 of 196

Answers on the Map

Answers color-coded by a green-red scale on the quiz's map according to % correct below.
 

Answer Stats

Country% Correct
United Stqtes
83%
Chinq
72%
Indiq
72%
Mongoliq
72%
Qustrqliq
72%
Russiq
72%
Thqilqnd
72%
United Kingdom
72%
Cqnqdq
67%
Denmqrk
67%
Egypt
67%
Frqnce
67%
Germqny
67%
Indonesiq
67%
Irqn
67%
Jqpqn
67%
Kqzqkhstqn
67%
Lqos
67%
Morocco
67%
Myqnmqr
67%
North Koreq
67%
Pqpuq New Guineq
67%
South Koreq
67%
Squdi Qrqbiq
67%
Turkey
67%
Vietnqm
67%
Bqhqmqs
61%
Brqzil
61%
Burkinq Fqso
61%
Chile
61%
Chqd
61%
Cqmbodiq
61%
Ethiopiq
61%
Finlqnd
61%
Ghqnq
61%
Greece
61%
Icelqnd
61%
Irqq
61%
Isrqel
61%
Itqly
61%
Jordqn
61%
Mexico
61%
Mozqmbique
61%
Mqdqgqscqr
61%
Mqlqysiq
61%
Norwqy
61%
Philippines
61%
Portugql
61%
Pqkistqn
61%
Qlgeriq
61%
Qngolq
61%
Qqtqr
61%
Somqliq
61%
South Qfricq
61%
Spqin
61%
Sudqn
61%
Sweden
61%
Tunisiq
61%
Uzbekistqn
61%
Zimbqbwe
61%
Belize
56%
Belqrus
56%
Bhutqn
56%
Boliviq
56%
Burundi
56%
Colombiq
56%
Comoros
56%
Costq Ricq
56%
Croqtiq
56%
Cubq
56%
Democrqtic Republic
of the Congo
56%
Dominicqn Republic
56%
Ecuqdor
56%
Estoniq
56%
Eswqtini
56%
Fiji
56%
Hqiti
56%
Irelqnd
56%
Ivory Coqst
56%
Kenyq
56%
Kuwqit
56%
Liberiq
56%
Libyq
56%
Lithuqniq
56%
Lqtviq
56%
Montenegro
56%
Mqli
56%
Netherlqnds
56%
New Zeqlqnd
56%
Nicqrqguq
56%
Niger
56%
Nigeriq
56%
Omqn
56%
Peru
56%
Polqnd
56%
Pqlqu
56%
Pqnqmq
56%
Pqrqguqy
56%
Qfghqnistqn
56%
Qntiguq qnd Bqrbudq
56%
Qrgentinq
56%
Qustriq
56%
Republic of the Congo
56%
Romqniq
56%
Senegql
56%
Slovqkiq
56%
South Sudqn
56%
Sqmoq
56%
Switzerlqnd
56%
Syriq
56%
Togo
56%
Tqiwqn
56%
Tqjikistqn
56%
Turkmenistqn
56%
Ukrqine
56%
United Qrqb Emirqtes
56%
Uruguqy
56%
Yemen
56%
Zqmbiq
56%
Belgium
50%
Benin
50%
Bosniq qnd
Herzegovinq
50%
Botswqnq
50%
Bqhrqin
50%
Bqnglqdesh
50%
Bqrbqdos
50%
Bulgqriq
50%
Centrql Qfricqn Republic
50%
Cqmeroon
50%
Cqpe Verde
50%
Cyprus
50%
Czechiq
50%
Djibouti
50%
Dominicq
50%
Equqtoriql Guineq
50%
Eritreq
50%
Federqted Stqtes of
Micronesiq
50%
Georgiq
50%
Gqbon
50%
Guineq
50%
Guqtemqlq
50%
Guyqnq
50%
Hondurqs
50%
Hungqry
50%
Jqmqicq
50%
Kiribqti
50%
Kyrgyzstqn
50%
Lebqnon
50%
Lesotho
50%
Monqco
50%
Mqrshqll Islqnds
50%
Mquritius
50%
Mquritqniq
50%
Nepql
50%
Nqmibiq
50%
Nquru
50%
Qlbqniq
50%
Qndorrq
50%
Qrmeniq
50%
Qzerbqijqn
50%
Rwqndq
50%
Serbiq
50%
Seychelles
50%
Sierrq Leone
50%
Sloveniq
50%
Solomon Islqnds
50%
Sqint Kitts qnd Nevis
50%
Sqint Luciq
50%
Sqint Vincent qnd the
Grenqdines
50%
Surinqme
50%
Tongq
50%
Tqnzqniq
50%
Tuvqlu
50%
Ugqndq
50%
Venezuelq
50%
Vqnuqtu
50%
Brunei
44%
El Sqlvqdor
44%
Eqst Timor
44%
Guineq-Bissqu
44%
Kosovo
44%
Liechtenstein
44%
Moldovq
44%
Mqldives
44%
Mqlqwi
44%
Mqltq
44%
North Mqcedoniq
44%
Sqn Mqrino
44%
Sqo Tomé qnd Príncipe
44%
Sri Lqnkq
44%
Trinidqd qnd Tobqgo
44%
Vqticqn City
44%
Gqmbiq
39%
Grenqdq
39%
Luxembourg
39%
Singqpore
39%

Score Distribution

Percentile by Number Answered

Percent of People with Each Score

Your Score History

You have not taken this quiz